| 000 | 01158nam a2200229Ia 4500 | ||
|---|---|---|---|
| 999 |
_c53880 _d53880 |
||
| 001 | 20931 | ||
| 003 | GE_BSU | ||
| 005 | 20210624172722.0 | ||
| 008 | 181216s||||||||xx |||||||||||||| ||und|| | ||
| 020 | _a9789941934179 | ||
| 040 | _cGE_BSU | ||
| 041 | _ageo | ||
| 080 | _a343(479.22)(094.4) ს–32 | ||
| 245 |
_aსაქართველოს კანონი : საქართველოს სისხლის სამართლის კოდექსი : _bზოგადი ნაწილი 2017 წლის 5 აპრილის მდგომარეობით ანბანურ - საგნობრივი საძიებლით. |
||
| 264 |
_aთბილისი : _bიურისტების სამყარო, _c2017. |
||
| 300 |
_a305 გვ. : _bზამბარიანი აკინძვით ; _c20 სმ. |
||
| 541 | _h9ლ. | ||
| 653 | _aსამართალი | ||
| 653 | _aსაქართველოს კანონი | ||
| 653 | _aსაქართველოს სისხლის სამართლის კოდექსი | ||
| 942 |
_cBK _2udc |
||